[Event "Match"]
[Site "www.echecsemail.com"]
[Date "2016.04.14"]
[Round "1"]
[White "Genius7"]
[Black "Hundegana"]
[WhiteElo "1780"]
[BlackElo "1950"]
[Result "0-1"]
[Round "1"]
1.e4 c5
2.Ng1f3 d6
3.Bf1b5 Bc8d7
4.Bb5xd7 Qd8xd7
5.O-O g6
6.d4 Bf8g7
7.Nb1c3 cxd4
8.Nf3xd4 Bg7xd4
9.Qd1xd4 f6
10.Nc3d5 Nb8c6
11.Qd4d1 e6
12.Nd5e3 Ng8e7
13.c3 O-O
14.Ne3c4 d5
15.Nc4e3 Ra8d8
16.exd5 Ne7xd5
17.Ne3xd5 Qd7xd5
18.Qd1e2 Qd5f5
19.Bc1e3 a6
20.Ra1d1 Rd8xd1
21.Rf1xd1 Rf8f7
22.h3 Kg7
23.Rd1d2 Qf5b1
24.Kh2 Qb1xa2
25.b4 Qa2b3
26.Rd2c2 Qb3d5
27.Rc2d2 Qd5e5
{ resign }
0-1

[Event "Match"]
[Site "www.echecsemail.com"]
[Date "2016.04.14"]
[Round "1"]
[White "Coraza"]
[Black "Matchbox"]
[WhiteElo "1690"]
[BlackElo "1690"]
[Result "0-1"]
[Round "1"]
1.e4 d6
2.Bf1c4 Ng8f6
3.c3 e5
4.Qd1b3 Qd8e7
5.d3 Nb8c6
6.Ng1f3 h6
7.Nb1d2 a6
8.Nf3h4 Nc6a5
9.Qb3a4 Na5c6
10.Bc4d5 Bc8d7
11.O-O Nf6xd5
12.exd5 Nc6d4
13.Nh4f3 Bd7xa4
14.cxd4 exd4
15.Rf1e1 Qe7xe1
16.Nf3xe1 Bf8e7
17.Nd2f3 Be7f6
18.b3 Ba4d7
19.Bc1b2 O-O-O
20.Bb2c1 Rd8e8
21.Bc1a3 g5
22.Ra1c1 Kb8
23.Ba3b4 g4
24.Nf3d2 Bf6g5
25.a4 b6
26.g3 h5
27.Rc1c2 Re8xe1
28.Kg2 h4
29.f3 Bg5e3
30.Nd2e4 h3
{ resign }
0-1

[Event "Match"]
[Site "www.echecsemail.com"]
[Date "2016.04.14"]
[Round "1"]
[White "Nigel"]
[Black "Canario"]
[WhiteElo "1499"]
[BlackElo "1840"]
[Result "0-1"]
[Round "1"]
1.d4 d5
2.c4 dxc4
3.Nb1c3 Nb8d7
4.Ng1f3 Nd7b6
5.e3 Bc8g4
6.h3 Bg4f5
7.e4 Bf5g6
8.Nf3e5 Ng8f6
 { time }
0-1

[Event "Match"]
[Site "www.echecsemail.com"]
[Date "2016.04.14"]
[Round "1"]
[White "Whitekknight"]
[Black "Elogic"]
[WhiteElo "1930"]
[BlackElo "1840"]
[Result "1-0"]
[Round "1"]
1.e4 c5
2.Ng1f3 Nb8c6
3.Bf1c4 e6
4.Nb1c3 d6
5.Bc4b5 Bc8d7
6.Qd1e2 a6
7.Bb5xc6 Bd7xc6
8.d3 b5
9.a3 a5
10.O-O b4
11.Nc3d1 Bf8e7
12.b3 a4
13.Bc1b2 axb3
14.Bb2xg7 Be7f6
15.Bg7xh8 Bf6xh8
16.Ra1b1 bxc2
17.Qe2xc2 bxa3
18.Nd1c3 Qd8a5
19.Nc3a2 Bc6a4
20.Qc2c1 Bh8b2
21.Rb1xb2 axb2
22.Qc1xb2 Ke7
23.Na2c3 Qa5b4
24.Nc3xa4 Ra8xa4
25.Qb2g7 Qb4b8
26.Qg7xh7 Ng8f6
27.Qh7h6 Nf6xe4
28.Qh6h4 Ne4f6
29.Qh4xa4 Nf6d5
30.g3 Nd5c3
31.Qa4c2 Nc3d5
32.Qc2d2 Qb8b3
33.Rf1c1 Nd5b4
34.Nf3e1 d5
35.Rc1xc5 { resign }
1-0

[Event "Match"]
[Site "www.echecsemail.com"]
[Date "2016.04.14"]
[Round "1"]
[White "Milkyway"]
[Black "Biggles"]
[WhiteElo "1809"]
[BlackElo "2060"]
[Result "1/2-1/2"]
[Round "1"]
1.e4 e5
2.Ng1f3 Nb8c6
3.Bf1b5 Bf8c5
4.O-O Ng8f6
5.d3 d6
6.Nb1c3 Bc8d7
7.Bc1g5 h6
8.Bg5xf6 Qd8xf6
9.Nc3d5 Qf6g6
10.Kh1 Bc5b6
11.Nd5xb6 axb6
12.Bb5xc6 bxc6
13.a3 O-O
14.Qd1d2 Rf8e8
15.Rf1e1 Qg6f6
16.Qd2e3 Re8e7
17.Nf3d2 Ra8e8
18.Qe3f3 Qf6g6
19.h3 f5
20.exf5 Bd7xf5
21.Nd2e4 { draw }
1/2-1/2

[Event "1/16 Finale"]
[Site "www.chess-mail.com"]
[Date "2016.04.14"]
[Round "1"]
[White "Huw"]
[Black "Mrfunk"]
[WhiteElo "2270"]
[BlackElo "2320"]
[Result "0-1"]
[Round "1"]
1.e4 c5
2.Ng1f3 d6
3.d4 cxd4
4.Nf3xd4 Ng8f6
5.Nb1c3 a6
6.a4 e5
7.Nd4b3 Bc8e6
8.Bf1d3 Nb8c6
9.a5 d5
10.exd5 Nf6xd5
11.Nc3e4 Nd5b4
12.Nb3c5 Nb4xd3
13.Nc5xd3 Be6d5
14.f3 Bd5xe4
15.fxe4 Qd8h4
16.Nd3f2 Bf8c5
17.O-O Qh4xe4
18.Rf1e1 Qe4c4
19.Bc1e3 f5
20.c3 Bc5xe3
21.Re1xe3 O-O
22.Ra1a4 Qc4f7
23.Nf2d3 Ra8d8
24.Qd1c2 Qf7d5
25.b4 f4
26.Re3h3 e4
27.Nd3c5 Qd5d1
28.Qc2xd1 Rd8xd1
29.Kf2 e3
{ resign }
0-1

[Event "Tourn. n8654"]
[Site "www.chess-mail.com"]
[Date "2016.04.15"]
[Round "1"]
[White "Falcoale"]
[Black "Cal"]
[WhiteElo "1710"]
[BlackElo "1780"]
[Result "1-0"]
[Round "1"]
1.e4 e5
2.Ng1f3 d6
3.Bf1c4 h6
4.d4 exd4
5.Nf3xd4 Ng8f6
6.Nb1c3 a6
7.O-O b5
8.Bc4d3 c5
9.Nd4f3 Bc8g4
10.h3 Bg4h5
11.Bd3e2 Nb8c6
12.Bc1f4 Bf8e7
13.Nc3d5 O-O
14.Nd5xe7 Qd8xe7
15.Rf1e1 Nf6xe4
16.Qd1d3 Ra8d8
17.Nf3h2 Bh5g6
18.Qd3d1 Qe7f6
19.Bf4e3 Qf6xb2
20.Be2d3 Ne4c3
21.Be3d2 Nc6d4
22.Bd2xc3 Qb2xc3
23.Re1e3 f5
24.Bd3xf5 Bg6xf5
25.Re3xc3 Rf8e8
26.Kf1 Nd4e2
27.Rc3e3 Re8xe3
28.fxe3 Ne2g3
29.Kg1 d5
30.Qd1f3 Ng3e4
31.Qf3xf5 Ne4c3
32.Qf5e6 Kh8
33.Qe6xa6 b4
34.Ra1f1 c4
35.Qa6b6 Nc3xa2
36.Qb6xd8 { resign }
1-0

[Event "Tourn. n8705"]
[Site "www.chess-mail.com"]
[Date "2016.04.15"]
[Round "1"]
[White "Malbertan"]
[Black "Osopanda"]
[WhiteElo "2100"]
[BlackElo "1950"]
[Result "1-0"]
[Round "1"]
1.e4 c5
2.Ng1f3 d6
3.d4 cxd4
4.Qd1xd4 Ng8f6
5.Nb1c3 Nb8c6
6.Bf1b5 Bc8d7
7.Bb5xc6 bxc6
8.Bc1g5 e6
9.O-O-O Bf8e7
10.e5 Nf6d5
11.Bg5xe7 Qd8xe7
12.exd6 Qe7xd6
13.Nc3e4 Qd6e7
14.c4 Nd5f4
15.Qd4xg7 O-O-O
16.g3 Nf4e2
17.Kb1 c5
18.Rh1e1 Ne2d4
19.Nf3xd4 cxd4
20.Qg7xd4 Kb7
21.Ne4d6 Kc6
22.Re1e5 Kc7
23.Qd4xa7 Kc6
24.Qa7b7 { resign }
1-0

[Event "Tourn. n8628"]
[Site "www.chess-mail.com"]
[Date "2016.04.15"]
[Round "1"]
[White "Neo"]
[Black "Genius9"]
[WhiteElo "1840"]
[BlackElo "1770"]
[Result "0-1"]
[Round "1"]
1.d4 d5
2.e3 g6
3.g3 Bf8g7
4.Bf1g2 Ng8f6
5.Ng1f3 O-O
6.O-O Nb8d7
7.c3 c5
8.Nf3e5 Qd8c7
9.Ne5xd7 Bc8xd7
10.b3 cxd4
11.cxd4 Bd7b5
12.Rf1e1 e6
13.Bc1a3 Rf8c8
14.Nb1d2 Qc7c2
15.Qd1xc2 Rc8xc2
16.Ba3b4 a5
17.Bb4e7 Rc2xd2
18.Ra1c1 Rd2xa2
19.b4 axb4
20.Rc1c7 Bb5c6
21.Be7xb4 h5
22.h4 Bg7f8
23.Bb4xf8 Kxf8
24.Bg2f1 Ra2a1
25.Re1xa1 Ra8xa1
26.Rc7c8 Ke7
27.Kg2 Kd7
28.Rc8f8 Ke7
29.Rf8c8 Ra1a2
30.Rc8c7 Nf6d7
31.Bf1d3 Kd8
32.Bd3b1 Ra2b2
{ resign }
0-1

[Event "Tourn. n8634"]
[Site "www.chess-mail.com"]
[Date "2016.04.15"]
[Round "1"]
[White "Abuelo"]
[Black "Faerieking"]
[WhiteElo "2200"]
[BlackElo "2160"]
[Result "1-0"]
[Round "1"]
1.e4 e5
2.Ng1f3 Nb8c6
3.Bf1b5 a6
4.Bb5xc6 dxc6
5.d3 Bf8c5
6.Nf3xe5 Qd8d4
7.Ne5g4 Bc8xg4
8.Qd1xg4 Qd4xf2
9.Kd1 Ng8f6
10.Qg4f3 Qf2d4
11.Nb1c3 O-O-O
12.a3 Rh8e8
13.Rh1e1 Bc5f8
14.Bc1e3 Qd4e5
15.Be3f4 Qe5a5
16.Qf3g3 h6
17.Qg3h3 Kb8
18.Re1e2 Qa5b6
19.Ra1b1 c5
20.Bf4e3 Nf6xe4
21.Nc3xe4 Re8xe4
22.Be3xc5 Bf8xc5
23.Re2xe4 Bc5xa3
24.Qh3e3 Ba3c5
25.Qe3f3 f6
26.Qf3f5 Bc5b4
27.Qf5f1 Bb4c3
28.Kc1 Bc3e5
29.g3 g5
30.Re4e1 a5
31.b3 Be5c3
32.Re1e2 Qb6b4
33.Re2e4 Qb4a3
34.Kd1 Qa3a2
35.Rb1c1 b5
36.Ke2 a4
37.bxa4 bxa4
38.Re4c4 { resign }
1-0

[Event "Tourn. n8658"]
[Site "www.chess-mail.com"]
[Date "2016.04.15"]
[Round "1"]
[White "Maredocla"]
[Black "Comrade"]
[WhiteElo "2080"]
[BlackElo "2120"]
[Result "0-1"]
[Round "1"]
1.d4 d5
2.c4 dxc4
3.Qd1a4 Nb8c6
4.e3 e5
5.dxe5 Bc8e6
6.f4 a6
7.Bf1e2 b5
8.Qa4c2 Nc6b4
9.Qc2c3 Nb4d3
10.Be2xd3 Qd8xd3
11.Qc3xd3 cxd3
12.Nb1c3 Bf8b4
13.Bc1d2 c5
14.h3 Ng8e7
15.Ng1f3 Ne7f5
16.Kf2 Ra8d8
17.g4 Nf5e7
18.Rh1d1 O-O
19.a3 Bb4xc3
20.Bd2xc3 c4
21.Nf3d4 Be6d5
22.Bc3b4 Rf8e8
23.Rd1e1 Bd5e4
24.Bb4xe7 Re8xe7
25.Ra1d1 Re7b7
26.Nd4c2 d2
27.Re1e2 { time. }
0-1

[Event "Tourn. n8703"]
[Site "www.chess-mail.com"]
[Date "2016.04.15"]
[Round "1"]
[White "Drawmaster"]
[Black "Elogic"]
[WhiteElo "1660"]
[BlackElo "1810"]
[Result "1/2-1/2"]
[Round "1"]
1.e4 g6
2.d4 d5
3.exd5 Qd8xd5
4.Ng1f3 Bf8g7
5.c3 Ng8f6
6.Bf1e2 Nf6e4
7.O-O Nb8c6
8.Nb1d2 Ne4xd2
9.Bc1xd2 e5
10.dxe5 Nc6xe5
11.Nf3xe5 Bg7xe5
12.Be2f3 Qd5c4
13.Rf1e1 Qc4e6
14.Bd2f4 f6
15.Bf3d5 Qe6f5
16.Bf4xe5 fxe5
17.Bd5b3 Rh8f8
18.f3 Bc8d7
19.Qd1e2 O-O-O
20.Ra1d1 { draw }
1/2-1/2

[Event "Tourn. n8658"]
[Site "www.chess-mail.com"]
[Date "2016.04.15"]
[Round "1"]
[White "Tonino1"]
[Black "Maredocla"]
[WhiteElo "2200"]
[BlackElo "2080"]
[Result "1-0"]
[Round "1"]
1.d4 Ng8f6
2.Ng1f3 g6
3.e3 b6
4.Bf1d3 Bc8b7
5.b3 Bf8g7
6.Bc1b2 d6
7.Nb1d2 Nb8d7
8.O-O c5
9.Qd1e2 a5
10.c4 O-O
11.d5 e5
12.e4 Nd7b8
13.h4 h5
14.Nf3h2 Bb7c8
15.f4 Bc8g4
16.Nh2xg4 Nf6xg4
17.g3 Nb8a6
18.a3 Rf8e8
19.f5 Qd8d7
20.Nd2f3 Bg7h6
21.Nf3g5 Bh6xg5
22.hxg5 Re8f8
23.f6 a4
24.Bd3c2 axb3
25.Bc2xb3 Rf8b8
26.a4 Na6b4
27.Bb2c3 Nb4a6
28.Qe2d2 Kh7
29.Bb3d1 Na6c7
30.Bd1xg4 Qd7xg4
31.Qd2e3 Ra8a7
{ time. }
1-0

[Event "Tourn. n8703"]
[Site "www.chess-mail.com"]
[Date "2016.04.15"]
[Round "1"]
[White "Elogic"]
[Black "Johnmcbride"]
[WhiteElo "1800"]
[BlackElo "1820"]
[Result "0-1"]
[Round "1"]
1.b3 d5
2.e3 e5
3.g4 g5
4.Bc1b2 f6
5.d4 e4
6.Nb1d2 a6
7.c4 Bc8e6
8.cxd5 Be6xd5
9.Bf1g2 Qd8e7
10.Ng1e2 Ng8h6
11.h3 Nb8c6
12.Bb2c3 O-O-O
13.Qd1b1 Rd8e8
14.a3 Qe7e6
15.Ne2g3 Bf8d6
16.Nd2xe4 Bd6xg3
17.Ne4xg3 Bd5xg2
18.Rh1h2 Bg2f3
19.Ng3h5 Bf3e4
20.Qb1d1 Re8e7
21.f3 Be4d5
22.Rh2e2 Bd5xf3
23.Qd1d2 Bf3xe2
24.Kxe2 Rh8e8
{ resign }
0-1

[Event "Tourn. n8674"]
[Site "www.chess-mail.com"]
[Date "2016.04.15"]
[Round "1"]
[White "Bojan"]
[Black "Joseph1983"]
[WhiteElo "2070"]
[BlackElo "2140"]
[Result "1-0"]
[Round "1"]
1.e4 c5
2.Ng1f3 e6
3.e5 Nb8c6
4.b3 Ng8e7
5.Bc1b2 Ne7g6
6.Bf1d3 Qd8c7
7.Qd1e2 Ng6f4
8.Qe2f1 Nf4xd3
9.Qf1xd3 Bf8e7
10.Nb1a3 Nc6b4
11.Qd3e4 a6
12.c3 Nb4d5
13.O-O O-O
14.Ra1c1 d6
15.exd6 Be7xd6
16.Na3c4 Bd6e7
17.Nc4e5 Nd5f6
18.Qe4e3 b5
19.c4 Bc8b7
20.cxb5 axb5
21.a3 Nf6d5
22.Qe3e2 Rf8d8
23.d4 Qc7b6
24.Ne5d3 c4
25.bxc4 bxc4
26.Nd3c5 Nd5f4
27.Qe2d2 Nf4h3
28.Kh1 Bb7xf3
29.gxf3 Be7g5
30.Qd2c3 Bg5xc1
31.Bb2xc1 Rd8d5
32.Qc3xc4 Nh3g5
33.Qc4d3  { time }
1-0

[Event "Tourn. n8705"]
[Site "www.chess-mail.com"]
[Date "2016.04.15"]
[Round "1"]
[White "Genius7"]
[Black "Malbertan"]
[WhiteElo "1820"]
[BlackElo "2100"]
[Result "1-0"]
[Round "1"]
1.e4 e5
2.Nb1c3 Ng8f6
3.f4 d5
4.fxe5 Nf6xe4
5.Ng1f3 Ne4xc3
6.bxc3 Nb8c6
7.Bf1b5 Bc8g4
8.O-O Bf8e7
9.Qd1e1 O-O
10.d4 a6
11.Bb5xc6 bxc6
12.Qe1g3 Bg4e6
13.Bc1h6 g6
14.Nf3g5 Be7xg5
15.Bh6xg5 Qd8d7
16.Bg5f6 { resign }
1-0

[Event "Tourn. n8664"]
[Site "www.chess-mail.com"]
[Date "2016.04.15"]
[Round "1"]
[White "Paul30"]
[Black "Falcoale"]
[WhiteElo "1820"]
[BlackElo "1760"]
[Result "1-0"]
[Round "1"]
1.d4 Ng8f6
2.c4 e6
3.Nb1c3 b6
4.e4 Bc8b7
5.f3 Bf8b4
6.a3 Bb4xc3
7.bxc3 O-O
8.Bc1g5 h6
9.Bg5h4 g5
10.Bh4g3 Nb8c6
11.Bf1d3 d5
12.cxd5 exd5
13.e5 Nf6d7
14.f4 Qd8e7
15.fxg5 Qe7xg5
16.Ng1f3 Qg5e7
17.Nf3h4 Qe7g5
18.O-O Nc6e7
19.Rf1f4 Ne7g6
20.Bd3xg6 fxg6
21.Rf4g4 Qg5e3
22.Kh1 Kh7
23.Qd1c2 Rf8g8
24.Nh4xg6 Qe3e4
25.Rg4xe4 dxe4
26.Ng6f4 Nd7f8
27.Nf4h5 Rg8g6
28.Qc2f2 Bb7d5
29.Nh5f4 Rg6f6
30.exf6 { resign }
1-0

[Event "Tourn. n8686"]
[Site "www.chess-mail.com"]
[Date "2016.04.15"]
[Round "1"]
[White "Paaliaq"]
[Black "Tonino1"]
[WhiteElo "2029"]
[BlackElo "2290"]
[Result "1-0"]
[Round "1"]
1.d4 Ng8f6
2.c4 g6
3.Nb1c3 Bf8g7
4.e4 d6
5.h3 O-O
6.Bc1g5 h6
7.Bg5e3 e5
8.d5 a5
9.Bf1d3 Nb8a6
10.Ng1e2 Na6c5
11.Bd3c2 Bc8d7
12.Qd1d2 Kh7
13.O-O Nf6e8
14.f4 f5
15.fxe5 Bg7xe5
16.exf5 gxf5
17.Be3xh6 Rf8f7
18.Bh6g5 Ne8f6
19.Bc2xf5 Bd7xf5
20.Rf1xf5 Qd8e7
21.Ra1f1 Ra8f8
22.Qd2e1 Kg6
23.Qe1h4 Rf8h8
24.Qh4xh8  { time }
1-0

[Event "Tourn. n8702"]
[Site "www.chess-mail.com"]
[Date "2016.04.15"]
[Round "1"]
[White "Milkyway"]
[Black "Raven16"]
[WhiteElo "2269"]
[BlackElo "2180"]
[Result "1-0"]
[Round "1"]
1.d4 Ng8f6
2.Ng1f3 d5
3.Bc1f4 e6
4.e3 c5
5.c3 Bf8d6
6.Bf1d3 Nb8c6
7.O-O O-O
8.dxc5 Bd6xc5
9.Nb1d2 h6
10.Nf3e5 Nf6d7
11.Ne5xd7 Bc8xd7
12.Nd2f3 Rf8e8
13.Nf3e5 Bc5d6
14.Ne5xf7 { resign }
1-0

[Event "Tourn. n8696"]
[Site "www.chess-mail.com"]
[Date "2016.04.15"]
[Round "1"]
[White "Cal"]
[Black "Daquata"]
[WhiteElo "1610"]
[BlackElo "1650"]
[Result "0-1"]
[Round "1"]
1.Ng1f3 d5
2.d4 Ng8f6
3.a3 Bc8g4
4.e3 e6
5.Bf1e2 c5
6.Nf3e5 Bg4xe2
7.Qd1xe2 Nb8c6
8.Ne5xc6 bxc6
9.c3 Bf8d6
10.dxc5 Bd6xc5
11.b4 Bc5b6
12.h3 O-O
13.Bc1b2 a5
14.Nb1d2 Rf8e8
15.O-O Qd8d7
16.Nd2f3 e5
17.Nf3h2 d4
18.cxd4 exd4
19.Qe2f3 dxe3
20.bxa5 exf2
21.Kh1 Ra8xa5
22.Qf3g3 Ra5f5
23.Nh2f3 Qd7d5
24.Ra1d1 Qd5a2
25.Rd1d2 Qa2c4
26.Rf1d1 f1Q
27.Rd1xf1 Qc4xf1
28.Kh2 Qf1b1
29.Bb2xf6 Rf5xf6
30.a4 Bb6c5
31.Rd2d7 Rf6g6
32.Nf3g5 f6
33.h4 fxg5
34.h5 Rg6f6
35.Qg3xg5 Bc5d6
36.Rd7xd6 Rf6xd6
37.a5 Qb1b8
38.a6 Rd6g6
{ resign }
0-1

[Event "Tourn. n8688"]
[Site "www.chess-mail.com"]
[Date "2016.04.15"]
[Round "1"]
[White "Cal"]
[Black "Cardiff"]
[WhiteElo "1650"]
[BlackElo "1700"]
[Result "0-1"]
[Round "1"]
1.Nb1c3 e5
2.e4 Ng8f6
3.a3 d5
4.exd5 Nf6xd5
5.Nc3e4 Nb8c6
6.c4 Nd5f4
7.d3 Bc8f5
8.Ng1f3 Bf5xe4
9.Bc1xf4 Be4xf3
10.Qd1xf3 exf4
11.Bf1e2 Bf8d6
12.O-O O-O
13.b4 Nc6d4
14.Qf3g4 f5
15.Qg4h3 Nd4xe2
16.Kh1 Rf8f6
17.f3 Ne2g3
18.hxg3 Rf6h6
19.Qh3xh6 gxh6
20.d4 fxg3
21.Ra1d1 Qd8h4
{ resign }
0-1

[Event "Match"]
[Site "www.echecsemail.com"]
[Date "2016.04.15"]
[Round "1"]
[White "Coventry"]
[Black "Ericleo1980"]
[WhiteElo "1860"]
[BlackElo "2260"]
[Result "1/2-1/2"]
[Round "1"]
1.e4 c5
2.Ng1f3 d6
3.d4 cxd4
4.Nf3xd4 Ng8f6
5.Nb1c3 a6
6.h3 e6
7.g4 Nb8c6
8.Bf1g2 Nf6d7
9.O-O Bf8e7
10.Bc1e3 O-O
11.f4 Ra8b8
12.Qd1e1 Be7h4
13.Qe1d2 Bh4f6
14.g5 Bf6xd4
15.Be3xd4 Nc6xd4
16.Qd2xd4 Qd8b6
17.Qd4xb6 { draw }
1/2-1/2

[Event "Match"]
[Site "www.echecsemail.com"]
[Date "2016.04.15"]
[Round "1"]
[White "Wagner"]
[Black "B0zata"]
[WhiteElo "1750"]
[BlackElo "1799"]
[Result "0-1"]
[Round "1"]
1.e4 c5
2.c4 Nb8c6
3.Ng1e2 d6
4.Ne2f4 Ng8f6
5.h3 g6
6.Bf1d3 Nc6e5
7.Qd1b3 e6
8.Qb3b5 Bc8d7
9.Qb5xb7 Bd7c6
10.Qb7b3 Nf6xe4
11.Bd3xe4 Bc6xe4
12.d3 Be4c6
13.Bc1d2 Bf8h6
14.Nb1a3 Bh6xf4
15.Bd2xf4 Bc6xg2
16.Rh1h2 Bg2c6
17.O-O-O Ne5f3
18.Rh2g2 Nf3d4
19.Qb3c3 Nd4e2
{ resign }
0-1

[Event "Match"]
[Site "www.echecsemail.com"]
[Date "2016.04.15"]
[Round "1"]
[White "Jackbauer"]
[Black "Elogic"]
[WhiteElo "1900"]
[BlackElo "1860"]
[Result "1-0"]
[Round "1"]
1.e4 e5
2.f4 exf4
3.Ng1f3 Bf8e7
4.h4 h5
5.d3 d6
6.Nb1c3 Bc8g4
7.Nc3d5 c6
8.Nd5xf4 Bg4xf3
9.Qd1xf3 Be7xh4
10.Kd1 g6
11.Bc1d2 Nb8d7
12.Bd2e1 Bh4xe1
13.Kxe1 Nd7e5
14.Qf3d1 h4
15.d4 Ne5d7
16.c3 Qd8g5
17.Qd1f3 O-O-O
18.Nf4h3 Qg5e7
19.O-O-O Ng8f6
20.Bf1d3 b5
21.a4 a6
22.Rh1e1 Nd7b6
23.a5 Nb6a4
24.Bd3c2 Rd8e8
25.b3 Na4xc3
26.Qf3xc3 Kb7
27.d5 cxd5
28.exd5 Qe7d8
29.Qc3c6 Kb8
30.Qc6xa6 Re8xe1
31.Qa6xb5 Ka7
32.Rd1xe1 Rh8e8
33.Re1f1 Qd8e7
34.Qb5b6 Ka8
35.Qb6c6 Kb8
36.Qc6b6 Kc8
37.Rf1d1 Qe7e3
38.Qb6xe3 Re8xe3
39.Nh3g5 Re3e7
40.b4 Nf6g4
41.b5 f6
42.Ng5e6 g5
43.b6 Kb7
44.Rd1d4 Ng4e5
45.Bc2a4 g4
46.Ba4b5 h3
47.gxh3 g3
48.Bb5f1 Ne5f3
49.Rd4f4 Nf3h2
50.Rf4xf6 Re7e8
51.Rf6f7 Kb8
52.Bf1g2 Re8c8
53.Rf7c7 Rc8xc7
54.bxc7 { resign }
1-0

[Event "Match"]
[Site "www.echecsemail.com"]
[Date "2016.04.15"]
[Round "1"]
[White "Genius2"]
[Black "Ericleo1980"]
[WhiteElo "1740"]
[BlackElo "2210"]
[Result "1/2-1/2"]
[Round "1"]
1.c4 c5
2.Nb1c3 Ng8f6
3.Ng1f3 d5
4.cxd5 Nf6xd5
5.g3 Nb8c6
6.Bf1g2 Nd5c7
7.d3 g6
8.O-O Bf8g7
9.Bc1e3 Nc6d4
10.Ra1c1 Ra8b8
11.b3 O-O
12.Nc3e4 b6
13.Nf3xd4 Bg7xd4
14.Be3h6 Bd4g7
15.Qd1d2 Bc8b7
16.Bh6xg7 Kxg7
17.Qd2b2 Kg8
18.Rf1d1 Nc7e6
19.h4 Qd8d4
20.Qb2xd4 Ne6xd4
21.Kf1 f5
22.Ne4c3 { draw }
1/2-1/2

[Event "Match"]
[Site "www.echecsemail.com"]
[Date "2016.04.15"]
[Round "1"]
[White "Milkyway"]
[Black "Elogic"]
[WhiteElo "1809"]
[BlackElo "1880"]
[Result "1-0"]
[Round "1"]
1.Ng1f3 g6
2.c4 c5
3.d4 Bf8g7
4.Nb1c3 cxd4
5.Nf3xd4 e5
6.Nd4b5 Nb8c6
7.Nb5d6 Kf8
8.e3 a6
9.Bf1e2 f5
10.O-O Qd8f6
11.Nd6xc8 Ra8xc8
12.Nc3d5 Qf6e6
13.b3 e4
14.Bc1a3 d6
15.Nd5f4 Qe6e5
16.Ra1c1 Rc8d8
17.Qd1d5 Qe5xd5
18.cxd5 Nc6e7
19.Nf4e6 { resign }
1-0

[Event "Match"]
[Site "www.echecsemail.com"]
[Date "2016.04.15"]
[Round "1"]
[White "Umutkrc"]
[Black "Elogic"]
[WhiteElo "1880"]
[BlackElo "1900"]
[Result "1/2-1/2"]
[Round "1"]
1.e3 e5
2.c3 c6
3.b4 d5
4.d4 e4
5.b5 Qd8b6
6.a4 a5
7.Nb1a3 Bc8d7
8.Ra1b1 c5
9.Bc1b2 c4
10.Na3c2 h5
11.Bb2a3 Bf8xa3
12.Nc2xa3 Ng8f6
13.Ng1h3 Qb6d6
14.Na3c2 Bd7xh3
15.gxh3 g5
16.Qd1c1 Nb8d7
17.Qc1a3 Qd6xa3
18.Nc2xa3 h4
19.b6 Ra8a6
20.Rh1g1 Nf6h7
21.Bf1e2 Ra6xb6
22.Na3b5 O-O
23.Be2g4 f5
24.Bg4h5 Nd7f6
25.Bh5g6 f4
26.exf4 gxf4
27.Bg6xe4 Kh8
28.Be4f3 Rf8g8
29.Kd2 Nh7g5
30.Bf3e2 Nf6e4
31.Kc2 Ne4xf2
32.Nb5c7 Rb6xb1
33.Rg1xb1 f3
34.Be2f1 Ng5xh3
35.Rb1xb7 Rg8g1
36.Rb7b8 Kh7
37.Rb8b1 Nf2g4
38.Nc7xd5 Rg1xf1
39.Rb1xf1 f2
40.Kd2 Ng4xh2
41.Ke2 Nh2xf1
42.Kxf1 Kg6
43.Nd5e3 Kf6
44.Ne3xc4 Ke6
45.Nc4xa5 Kd5
46.Na5b7 Nh3f4
47.Kxf2 h3
48.Kg3 Kc6
49.Nb7c5 Nf4e2
50.Kxh3 Ne2xc3
51.a5 Nc3b5
52.Nc5e6 Kb7
53.d5 Ka6
{ draw }
1/2-1/2

[Event "Match"]
[Site "www.echecsemail.com"]
[Date "2016.04.15"]
[Round "1"]
[White "Elogic"]
[Black "Wagner"]
[WhiteElo "1750"]
[BlackElo "1750"]
[Result "0-1"]
[Round "1"]
1.e4 e5
2.Ng1f3 d6
3.Bf1c4 Ng8h6
4.d4 Nb8c6
5.d5 Nc6e7
6.Bc1xh6 gxh6
7.Nb1c3 a6
8.a4 c6
9.b4 Bf8g7
10.h3 Ne7g6
11.dxc6 bxc6
12.O-O Ng6f4
13.b5 Qd8a5
14.Qd1d2 f5
15.Ra1a3 axb5
16.Qd2xd6 bxc4
17.Qd6xc6 Bc8d7
18.Qc6xc4 Bg7f8
19.Ra3a1 Ra8c8
20.Qc4b3 Rc8xc3
21.Qb3b2 Rh8g8
22.Nf3h4 Rc3xh3
23.Qb2b8 Kf7
24.g3 Rh3xh4
25.Qb8b3 Bd7e6
26.Qb3b7 Bf8e7
27.exf5 Be6d5
28.Qb7d7 Nf4e2
{ resign }
0-1

[Event "Match"]
[Site "www.echecsemail.com"]
[Date "2016.04.15"]
[Round "1"]
[White "Micheles"]
[Black "Ituchess"]
[WhiteElo "2520"]
[BlackElo "1809"]
[Result "1-0"]
[Round "1"]
1.d4 Ng8f6
2.Ng1f3 d5
3.Bc1g5 c5
4.dxc5 Nf6e4
5.Bg5h4 Nb8c6
6.e3 g6
7.Nb1d2 Ne4xc5
8.Nd2b3  { time }
1-0

[Event "Match"]
[Site "www.echecsemail.com"]
[Date "2016.04.15"]
[Round "1"]
[White "Elogic"]
[Black "Guidom"]
[WhiteElo "1830"]
[BlackElo "2060"]
[Result "1-0"]
[Round "1"]
1.f4 d5
2.d4 e6
3.Qd1d3 f5
4.Ng1f3 Ng8f6
5.h3 Nf6e4
6.Nf3e5 Bf8d6
7.h4 Bd6xe5
8.fxe5 c6
9.Nb1c3 Qd8a5
10.Bc1d2 Ne4xd2
11.Qd3xd2 Nb8d7
12.Qd2g5 Kf7
13.Qg5h5 g6
14.Qh5h6 c5
15.e3 Nd7xe5
16.dxe5 d4
17.exd4 cxd4
18.Qh6g5 Rh8f8
19.h5 dxc3
20.hxg6 hxg6
21.Rh1h7 Ke8
22.Qg5e7 
1-0

[Event "Match"]
[Site "www.echecsemail.com"]
[Date "2016.04.15"]
[Round "1"]
[White "Cardiff"]
[Black "Mdesouza"]
[WhiteElo "1660"]
[BlackElo "2200"]
[Result "0-1"]
[Round "1"]
1.Ng1f3 Ng8f6
2.b3 g6
3.Bc1b2 Bf8g7
4.e4 d6
5.h3 O-O
6.d3 e5
7.Bf1e2 Nf6h5
8.O-O Nb8c6
9.Nb1d2 f5
10.exf5 Bc8xf5
11.Nd2c4 Nh5f4
12.Rf1e1 Bf5xh3
13.gxh3 Nf4xh3
14.Kg2 Nh3f4
15.Kf1 Qd8f6
16.Nc4d2 Qf6f5
17.Nf3g1 Nf4xd3
{ resign }
0-1

[Event "Match"]
[Site "www.echecsemail.com"]
[Date "2016.04.15"]
[Round "1"]
[White "Mitja"]
[Black "Ssharp"]
[WhiteElo "1900"]
[BlackElo "2260"]
[Result "0-1"]
[Round "1"]
1.d4 d5
2.e3 e6
3.c3 c5
4.dxc5 Bf8xc5
5.Ng1f3 Ng8f6
6.Nb1d2 O-O
7.Nd2b3 Bc5d6
8.Bf1e2 Nb8c6
9.Nb3d4 e5
10.Nd4xc6 bxc6
11.h3 h6
12.b3 Bc8d7
13.Bc1b2 e4
14.Nf3d4 Ra8b8
15.Qd1d2 c5
16.Nd4c2 Bd7e6
17.O-O Qd8c8
18.Rf1d1 Be6xh3
{ resign }
0-1

[Event "Match"]
[Site "www.echecsemail.com"]
[Date "2016.04.15"]
[Round "1"]
[White "Mrynmryn"]
[Black "Daquata"]
[WhiteElo "1599"]
[BlackElo "1660"]
[Result "1-0"]
[Round "1"]
1.Ng1f3 d5
2.d4 Nb8c6
3.Bc1f4 Ng8f6
4.h3 Bc8f5
5.e3 e6
6.a3 Bf8d6
7.Bf4xd6 Qd8xd6
8.c4 dxc4
9.Bf1xc4 O-O
10.O-O Ra8d8
11.Nb1c3 h6
12.Nc3b5 Qd6d7
13.Nf3e5 Nc6xe5
14.dxe5 Nf6e4
15.Qd1xd7 Rd8xd7
16.Nb5xa7 { resign }
1-0

[Event "1/128 Finale"]
[Site "www.chess-mail.com"]
[Date "2016.04.15"]
[Round "1"]
[White "Guidom"]
[Black "Sik"]
[WhiteElo "2020"]
[BlackElo "1680"]
[Result "0-1"]
[Round "1"]
1.e4 e5
2.Ng1f3 Nb8c6
3.Bf1b5 d6
4.O-O Ng8f6
5.Rf1e1 Bf8e7
6.d4 exd4
7.Nf3xd4 Bc8d7
8.Nd4f5 O-O
9.Nb1c3 Rf8e8
10.Bc1g5 a6
11.Bb5c4 Nc6e5
12.Bc4b3 h6
13.Nf5xe7 Re8xe7
14.Nc3d5 hxg5
15.Nd5xe7 Qd8xe7
16.Kh1 Ne5g4
17.Qd1f3 Ng4e5
18.Qf3e2 Ne5g6
19.f3 g4
20.Qe2f2 Bd7c6
21.c3 Ng6f4
22.Ra1d1 gxf3
23.gxf3 Nf6xe4
24.fxe4 Bc6xe4
25.Kg1 Nf4h3
{ resign }
0-1

[Event "1/32 Finale"]
[Site "www.chess-mail.com"]
[Date "2016.04.15"]
[Round "1"]
[White "Asoka"]
[Black "Egdiogel"]
[WhiteElo "2730"]
[BlackElo "2240"]
[Result "1-0"]
[Round "1"]
1.e4 c6
2.d4 d5
3.Nb1c3 dxe4
4.Nc3xe4 Nb8d7
5.Bf1d3 Ng8f6
6.Ne4xf6 Nd7xf6
7.c3 Qd8c7
8.h3 e6
9.Ng1f3 g6
10.Nf3e5 Bf8g7
11.Bc1f4 O-O
12.Ne5xg6 { resign }
1-0

[Event "Fast Game"]
[Site "www.echecsemail.com"]
[Date "2016.04.15"]
[Round "1"]
[White "Boki84"]
[Black "Elogic"]
[WhiteElo "1669"]
[BlackElo "1720"]
[Result "0-1"]
[Round "1"]
1.d4 g6
2.d5 e6
3.Ng1f3 exd5
4.Nb1c3 c6
5.Qd1d4 Ng8f6
6.g4 Bf8g7
7.g5 Nf6h5
8.Qd4e3 Qd8e7
9.Bf1h3 Qe7xe3
10.Bc1xe3 Bg7xc3
11.bxc3 b6
12.O-O-O O-O
13.Kb2 c5
14.Rd1xd5 Bc8b7
15.Rd5d6 Bb7xf3
16.exf3 Rf8d8
17.f4 f5
18.Bh3g2 Nb8c6
19.Rh1d1 Ra8c8
20.Bg2d5 Kg7
21.Bd5xc6 Rc8b8
22.Rd6xd7 Rd8xd7
23.Rd1xd7 Kf8
24.Rd7xh7 Nh5g7
 { time }
0-1

[Event "Tourn. n8659"]
[Site "www.chess-mail.com"]
[Date "2016.04.16"]
[Round "1"]
[White "Difficult"]
[Black "Elogic"]
[WhiteElo "1890"]
[BlackElo "1960"]
[Result "0-1"]
[Round "1"]
1.e4 Ng8f6
2.e5 Nf6d5
3.d4 d6
4.c4 Nd5b4
5.a3 Nb4a6
6.exd6 cxd6
7.Nb1c3 e6
8.Ng1f3 b6
9.Bf1d3 Bc8b7
10.O-O Nb8c6
11.b4 Nc6e7
12.Qd1e2 g6
13.Bd3e4 Bb7xe4
14.Qe2xe4 Ra8c8
15.Qe4e2 Bf8g7
16.Bc1b2 Qd8c7
17.c5 Na6b8
18.Nc3b5 Qc7d7
19.cxd6 Ne7d5
20.Nf3e5 Qd7b7
21.Ra1c1 Rc8xc1
22.Rf1xc1 Nd5f4
23.Nb5c7 Kf8
24.Qe2g4 Bg7h6
25.Rc1e1 f5
26.Qg4h4 Qb7xg2

0-1